| 000 | 02037nam0a2200373 4500 | ||
|---|---|---|---|
| 001 | RU\NLR\bibl\1705536 | ||
| 005 | 20260206102452.0 | ||
| 010 |
_a978-5-7310-2591-1 _9200 |
||
| 021 |
_aRU _b2010-83705 _95587 |
||
| 035 | _a(NLR Aleph) 001696589 | ||
| 035 | _a(nilc)RSL-KNO-004800915 | ||
| 090 |
_a1193940 _c1193940 |
||
| 100 | _a20101101d2010 k y0rusy50 ca | ||
| 101 | 0 | _arus | |
| 102 | _aRU | ||
| 105 | _aa ||||||||| | ||
| 200 | 1 |
_aКомпетентностный подход к формированию основных образовательных программ третьего поколения _eмонография _fС.Р. Гидрович, И.И. Егорова, А.Ю. Курочкина _gМ-во образования и науки Рос. Федерации, Гос. образоват. учреждение высш. проф. образования "С.-Петерб. гос. ун-т экономики и финансов" |
|
| 210 |
_aСанкт-Петербург _cИзд-во Санкт-Петербургского государственного университета экономики и финансов _d2010 |
||
| 215 |
_a106 с. _cил. _d21 |
||
| 320 | _aБиблиогр.: с. 99-104 (54 назв.) | ||
| 606 | 1 |
_aВысшие учебные заведения _xУчебные программы _2nlr_sh2 _3RU\NLR\AUTH\661520516 |
|
| 606 | 1 |
_aМногоуровневое образование _xКомпетентностный подход _yРоссийская Федерация _2nlr_sh2 _3RU\NLR\auth\661480279 |
|
| 686 | 1 | _aЧ481.211 | |
| 686 | 1 | _aЧ481.221 | |
| 700 | 1 |
_aГидрович _bС. Р. _gСветлана Романовна _4070 |
|
| 701 | 1 |
_aЕгорова _bИ. И. _gИрина Ивановна _4070 |
|
| 701 | 1 |
_aКурочкина _bА. Ю. _gАнна Юрьевна _4070 |
|
| 801 | 0 |
_aRU _bРГБ _c20101101 _grcr |
|
| 801 | 1 |
_aRU _bРГБ _c20101101 |
|
| 801 | 2 |
_aRU _bNLR _c20101124 _grcr |
|
| 942 | _cBOOK | ||
| 980 | _aNB | ||